Fernando Fajnzylber (Registro nro. 6685)
[ vista simple ]
| 000 -LEADER | |
|---|---|
| fixed length control field | 01185 a2200217 4500 |
| 001 - CONTROL NUMBER | |
| control field | 59431 |
| 005 - DATE AND TIME OF LATEST TRANSACTION | |
| control field | 20260407155848.0 |
| 008 - FIXED-LENGTH DATA ELEMENTS--GENERAL INFORMATION | |
| fixed length control field | 260407a2006 arg spa d |
| 003 - CONTROL NUMBER IDENTIFIER | |
| control field | AR-UNSa-BCEJYS |
| 040 ## - CATALOGING SOURCE | |
| Original cataloging agency | AR-UNSa-BCEJYS |
| Language of cataloging | spa |
| Transcribing agency | AR-UNSa-BCEJYS |
| 080 ## - UNIVERSAL DECIMAL CLASSIFICATION NUMBER | |
| Universal Decimal Classification number | 929:330 |
| Common auxiliary subdivision | Biografía de Economistas |
| 020 ## - INTERNATIONAL STANDARD BOOK NUMBER | |
| International Standard Book Number | 92-1-322963-1 |
| 041 ## - LANGUAGE CODE | |
| Language code of text/sound track or separate title | spa |
| 100 1# - MAIN ENTRY--PERSONAL NAME | |
| Personal name | Torres Olivos, Miguel |
| 245 10 - TITLE STATEMENT | |
| Title | Fernando Fajnzylber |
| Name of part/section of a work | Una visión renovadora del desarrollo de América Latina |
| 264 #1 - PRODUCTION, PUBLICATION, DISTRIBUTION, MANUFACTURE, AND COPYRIGHT NOTICE | |
| Place of production, publication, distribution, manufacture | Santiago de Chile : |
| Name of producer, publisher, distributor, manufacturer | CEPAL (Comisión Económica para América Latina y el Caribe) |
| Date of production, publication, distribution, manufacture, or copyright notice | 2006 |
| 300 ## - PHYSICAL DESCRIPTION | |
| Extent | 415 p. |
| Dimensions | 23 cm. |
| 505 ## - FORMATTED CONTENTS NOTE | |
| Formatted contents note | 1. El propósito de este libro - 2. Fernando Fajnzylber y su tiempo (1940-1991) – 3. Viaje por el pensamiento y obra de Fajnzylber – 4. Fernando Fajnzylber: su visión del desarrollo productivo y empresarial en América Latina (1970-1976) – 5. Estilos de crecimiento: experiencias internacionales comparativas (1977-1991) – 6. Conceptos esenciales en la obra de Fajnzylber (1977-1988) – 7. La transformación productiva con equidad: la conclusión del pensamiento de Fajnzylber (1989-1991) |
| 590 ## - LOCAL NOTE (RLIN) | |
| Local note | niveau_biblio:m niveau_hierar:0 |
| 942 ## - ADDED ENTRY ELEMENTS (KOHA) | |
| Koha item type | |
| Withdrawn status | Lost status | Damaged status | Not for loan | Home library | Current library | Shelving location | Date acquired | Total checkouts | Full call number | Barcode | Date last seen | Price effective from | Koha item type |
|---|---|---|---|---|---|---|---|---|---|---|---|---|---|
| Biblioteca Prof. Eusebio Cleto del Rey | Biblioteca Prof. Eusebio Cleto del Rey | 07/04/2026 | 929:330 T689 | L116471 | 07/04/2026 | 07/04/2026 | Libro |